000 00577nam a2200241Ia 4500
003 OSt
005 20220918200636.0
006 a|||||r|||| 00| 0
007 ta
008 220917b |||||||| |||| 00| 0 eng d
024 _a89,716
037 _cTextual
040 _aARTS
_cARTS
_beng
041 _2eng
_aeng
082 _aU8:3:N2, G2
100 _aTomlinson H M
245 0 _aUnder the red ensign
260 _c1932
490 _aFaber library; 6
650 _aGEOGRAPHY
942 _hU8:3:N2, G2
_cTEXL
_2CC
999 _c213385
_d213385